LIBRARY & INFORMATION CENTRE, KCAET, TAVANUR

ONLINE PUBLIC ACCESS CATALOGUE (OPAC)

Magneto- Ionic theory and its applications to the Ionosphere / (Record no. 1450)

MARC details
000 -LEADER
fixed length control field 00455cam a2200169ua 4500
041 ## - LANGUAGE CODE
Language code of text/sound track or separate title eng
082 ## - DEWEY DECIMAL CLASSIFICATION NUMBER
Classification number 538
Item number RAT/TH
100 ## - MAIN ENTRY--AUTHOR NAME
Personal name Ratcliffe, J.A .
245 ## - TITLE STATEMENT
Title Magneto- Ionic theory and its applications to the Ionosphere /
260 ## - PUBLICATION, DISTRIBUTION, ETC. (IMPRINT)
Place of publication :
Name of publisher Cambridge at the University Press ,
Year of publication 1959.
300 ## - PHYSICAL DESCRIPTION
Number of Pages 206 ; .
942 ## - ADDED ENTRY ELEMENTS (KOHA)
Koha item type Books
Holdings
Withdrawn status Lost status Damaged status Home library Current library Date acquired Full call number Accession Number Koha item type
      KAUAET KAUAET 07/04/2012 538 RAT/TH 5482 Books
free website counter